000
00208nam a22000857a 4500
008
161026b xxu||||| |||| 00| 0 eng d
100
_9
961
_a
Mooney.A.
245
_a
Shaping 100 Great leaders
260
_a
London
_c
2004
999
_c
3617
_d
3617